Zodpovednosť ako kľúčový princíp Spoločnosti 4.0

Cieľom článku je zadefinovať a popísať komplexnú zodpovednosť Spoločnosti 4.0 v kontexte interdisciplinárneho chápania. Tento článok reaguje na absolútnu absenciu systematického preskúmania tejto problematiky v súčasnej vedeckej komunite a zdôrazňuje nevyhnutnosť jej implikácie v koncepčnej znalostn...

Celý popis

Uložené v:
Podrobná bibliografia
Hlavný autor: Pakšiová, Renáta, 1974-
Ďalší autori: Turečková, Kamila
Médium: Kapitola
Jazyk:Slovak
Predmet:
Tagy: Pridať tag
Žiadne tagy, Buďte prvý, kto otaguje tento záznam!

MARC

LEADER 00000naa a2200000 4500
001 0306092
005 20250113102324.5
041 0 |a slo 
044 |a CZ 
245 1 0 |a Zodpovednosť ako kľúčový princíp Spoločnosti 4.0  |c Renáta Pakšiová, Kamila Turečková 
520 |a Cieľom článku je zadefinovať a popísať komplexnú zodpovednosť Spoločnosti 4.0 v kontexte interdisciplinárneho chápania. Tento článok reaguje na absolútnu absenciu systematického preskúmania tejto problematiky v súčasnej vedeckej komunite a zdôrazňuje nevyhnutnosť jej implikácie v koncepčnej znalostnej ekonomike. 
610 2 0 |a spoločnosť 
610 2 0 |a zodpovednosť 
610 2 0 |a pokrok technologický 
610 2 0 |a udržateľnosť 
610 2 0 |a ekonomika znalostná 
610 2 0 |a priemysel 4.0 
100 1 |a Pakšiová, Renáta, 1974- 
700 1 |a Turečková, Kamila